Poodle springs

Bibliographic Details
Main Author: Chandler, Raymond
Other Authors: Parker, Robert B
Format: Book
Published: New York : G.P Putnam's Sons , 1989
Subjects:

MARC

LEADER 00000cam a2200000 7i4500
001 0000000482
002 000000565
005 20000330.0
020 |a 0399134824 
090 0 0 |a F   |b CHA 
100 1 |a Chandler, Raymond 
245 1 0 |a Poodle springs   |c Raymond Chandler and Robert B. Parker 
260 |a New York :   |b G.P Putnam's Sons ,   |c 1989 
300 |a 268p ;   |c 23cm. 
650 0 0 |a Crime and detection fiction 
700 1 |a Parker, Robert B 
999 |a 104378   |b BUKU   |c FICTION   |e PERPUSTAKAAN KOMUNITI PETALING JAYA